Analýza homogenity elektromagnetického poľa v tienenej kabíne pri skúškach EMC

Saved in:
Bibliographic Details
Main Author: Gábor, Dominik, 1986- (Author)
Other Authors: Hallon, Jozef, 1963- (Thesis advisor)
Format: Manuscript Book
Language:Slovak
Published: Bratislava : STU v Bratislave FEI, 2012
Online Access:VAIS
Tags: Add Tag
No Tags, Be the first to tag this record!

MARC

LEADER 00000ntm a22000003a 4500
001 stu250743
005 20150617230227.1
008 120717s2012----xo------------------slo-d
040 |a STU  |b slo 
041 0 |a slo 
044 |a xo 
100 1 |a Gábor, Dominik,  |d 1986-  |4 aut  |u E  |T FEI Fakulta elektrotechniky a informatiky  |X 6599  |U E  |Y 30  |7 A000006599 
242 0 0 |a Analysis of Homogeneity of Electromagnetic Field In Shielded Chamber During EMC Tests.  |y eng 
245 1 |a Analýza homogenity elektromagnetického poľa v tienenej kabíne pri skúškach EMC 
260 |a Bratislava :  |b STU v Bratislave FEI,  |c 2012 
300 |a 51 s  |c CD-ROOM 
700 1 |a Hallon, Jozef,  |d 1963-  |4 ths  |u E040  |U FEI Fakulta elektrotechniky a informatiky  |T FEI Ústav elektrotechniky  |X 2068  |U E040  |Y 550  |7 A000002068 
856 4 |a info a plný text  |u http://is.stuba.sk/zp/portal_zp.pl?podrobnosti=78865  |3 VAIS 
996 |b 284EP10069  |c E*DIPL-10069  |l EE34  |s P  |a 0  |w stu250743_0001